00737nam a2200217Ia 4500003000900000008004100009020001800050040001600068080001500084100002700099245008900126260004400215300001400259650004100273650002400314650002900338700003500367942000700402999001500409952009500424IN-BaIIA211028s9999 xx 000 0 eng d a0-19-503437-6 cIIA Library a532.5bMIH aMihalas, Dimitri96040 0aFoundations of radiation hydrodynamicscDimitri Mihalas and Barbara Weibel Mihalas  aNew YorkbOxford University Pressc1984 axv, 718p. aAstronomy and astrophysics thesaurus aHydrodynamics91514 aRadiative transfer91568 aMihalas, Barbara Weibel913891 cBK c8283d8283 00104070aBANbBANcGENd1985-05-30l0o532.5/ MIHp9127r2021-11-05w1985-05-30yBKG75